00528nam a2200169Ia 4500003000900000008004100009020002200050040001600072080001500088100002100103245012000124250001200244260004800256300001400304650002000318700002000338IN-BaIIA211028s9999 xx 000 0 eng d a978-0-521-87808-1 cIIA Library a52-77bBUR aBurke, Bernard F 3aAn introduction to radio astronomycBernard F Burke and F. Graham-Smith  a3rd ed. aCambridgebCambridge University Pressc2010 aix, 444p. aRadio astronomy aGraham-Smith, F